|
|
|
|
| LEADER |
01188nam a2200241 u 4500 |
| 001 |
10112276 |
| 003 |
GR-PaULI |
| 005 |
20230831101724.0 |
| 008 |
140317s2011 gr gre |
| 952 |
|
|
|0 0
|1 0
|2 ddc
|4 0
|6 Π_ΜΣΧ_949_565000000000000_074_ΑΡΧ
|7 0
|9 164349
|a LISP
|b LISP
|c REF
|d 2016-04-24
|i 108816
|l 0
|o Π/ΜΣΧ 949.565 074 ΑΡΧ
|p 025000205869
|r 2016-04-24 00:00:00
|t 1
|v 2016.00
|w 2016-04-24
|y BKN
|
| 999 |
|
|
|c 103059
|d 103059
|
| 020 |
|
|
|a 9789608933996
|
| 040 |
|
|
|a GR-PaULI
|c GR-PaULI
|b gre
|e AACR2
|
| 082 |
0 |
4 |
|a 949.565 074
|2 23
|
| 245 |
1 |
3 |
|a Το αρχαιολογικό μουσείο Πέλλας /
|c κείμενα Μαρία Λιλιμπάκη-Ακαμάτη, ... [και ά.].
|
| 260 |
|
|
|a Αθήνα :
|b Κοινωφελές Ίδρυμα Ιωάννη Σ. Λάτση,
|c 2011.
|
| 300 |
|
|
|a 396 σ. :
|b εικ. ;
|c 35 εκ.
|
| 504 |
|
|
|a Περιλαμβάνει βιβλιογραφία.
|
| 610 |
2 |
4 |
|9 179375
|a Αρχαιολογικό Μουσείο Πέλλας
|
| 650 |
|
4 |
|a Μουσεία
|z Ελλάδα
|z Πέλλα (Νομός)
|9 137302
|
| 700 |
1 |
|
|a Λιλιμπάκη-Ακαμάτη, Μαρία
|e συγγραφέας.
|9 46421
|
| 942 |
|
|
|2 ddc
|c BKN
|
| 998 |
|
|
|c ΜΠΟΥΡΑΣ
|d 2020-01
|